000 01629 a2200301 4500
001 45870
005 20260407155731.0
008 260407a2002 arg spa d
003 AR-UNSa-BCEJYS
040 _aAR-UNSa-BCEJYS
_bspa
_cAR-UNSa-BCEJYS
080 _a316.47
_xRelaciones sociales. Relaciones interpersonales
245 1 0 _aSociedad y sociabilidad en la Argentina de los 90
020 _a950-786-339-7
264 1 _aBuenos Aires :
_bBiblos
_c2002
300 _a232 p.
_c23 cm.
505 _a1. formas de sociabilidad y lazos sociales / Miguel Murmis y Silvio Feldman – 2. Empleo, remuneraciones y diferenciación social en el último cuarto del siglo xx / Luis Beccaria – 3. Las nuevas urbanizaciones privadas. Sociabilidad y socialización: la integración social “hacia arriba” / Maristella Svampa – 4. Sociabilidad en clases medias en descenso: experiencias en el trueque – 5. De proveedores, amigos, vecinos y “barderos”: acerca de trabajo, delito sociabilidad en jóvenes del Gran Buenos Aires /Gabriel Kessler – 6. Las ocupaciones informales y sus formas de sociabilidad: apicultores, albañiles y feriantes / Silvio Feldman y Miguel Murmis.
041 _aspa
942 _cBK
590 _aniveau_biblio:m niveau_hierar:0
100 1 _aFeldman, Silvio
700 1 _aBeccaria, Luis A.
700 1 _aGonzález Bombal, Inés
700 1 _aKessler, Gabriel
700 1 _aMurmis, Miguel
700 1 _aSvampa, Maristella
700 1 _aUniversidad Nacional de General Sarmiento
856 4 1 _uhttps://www.biblioeco.unsa.edu.ar/pmb/images/libros/L127206.jpg
_yImagen de portada
_qimage/jpeg
999 _c4038
_d4038